Memoria (Record no. 2053)
[ view plain ]
| 000 -CABECERA | |
|---|---|
| campo de control de longitud fija | 00872nam a2200241 a 4500 |
| 001 - NÚMERO DE CONTROL | |
| campo de control | BRCA_2308 |
| 005 - FECHA Y HORA DE LA ÚLTIMA TRANSACCIÓN | |
| campo de control | 20190320203743.0 |
| 008 - DATOS DE LONGITUD FIJA--INFORMACIÓN GENERAL | |
| campo de control de longitud fija | 190808s2006----mx-a---###---#000-0#spa-# |
| 020 ## - NÚMERO INTERNACIONAL ESTÁNDAR DEL LIBRO | |
| Número Internacional Estándar del Libro | 9689068075 |
| 041 ## - CÓDIGO DE LENGUA | |
| Código de lengua del texto/banda sonora o título independiente | spa |
| 044 ## - CÓDIGO DEL PAÍS DE LA ENTIDAD EDITORA/PRODUCTORA | |
| Código MARC del país | mx |
| 050 #4 - SIGNATURA TOPOGRÁFICA DE LA BIBLIOTECA DEL CONGRESO | |
| Número de clasificación | Z1029 |
| Número de documento/Ítem | .M466 2006 |
| 245 10 - MENCIÓN DE TÍTULO | |
| Título | Memoria |
| Resto del título | Página Web : Biblioteca y libro antiguo |
| Mención de responsabilidad, etc. | bajo la coordinación de Elvia Carreño Velázquez. |
| 260 ## - PUBLICACIÓN, DISTRIBUCIÓN, ETC. | |
| Lugar de publicación, distribución, etc. | México |
| Nombre del editor, distribuidor, etc. | Apoyo al Desarrollo de Archivos y Bibliotecas de México |
| Fecha de publicación, distribución, etc. | 2006 |
| 300 ## - DESCRIPCIÓN FÍSICA | |
| Extensión | 127 p. |
| Otras características físicas | il. a color |
| Dimensiones | 23 cm. |
| 440 #0 - MENCIÓN DE SERIE/PUNTO DE ACCESO ADICIONAL--TÍTULO | |
| Título | Colección Memoria |
| Designación de volumen o secuencia | 7 |
| 9 (RLIN) | 6915 |
| 610 24 - PUNTO DE ACCESO ADICIONAL DE MATERIA--NOMBRE DE ENTIDAD CORPORATIVA | |
| Nombre de entidad corporativa o nombre de jurisdicción como elemento de entrada | Apoyo al Desarrollo de Archivos y Bibliotecas de México (Ciudad de México) |
| 9 (RLIN) | 6916 |
| 650 14 - PUNTO DE ACCESO ADICIONAL DE MATERIA--TÉRMINO DE MATERIA | |
| Término de materia o nombre geográfico como elemento de entrada | Libros antiguos |
| Subdivisión geográfica | México |
| 9 (RLIN) | 6917 |
| 650 14 - PUNTO DE ACCESO ADICIONAL DE MATERIA--TÉRMINO DE MATERIA | |
| Término de materia o nombre geográfico como elemento de entrada | Libros |
| Subdivisión general | Historia |
| Subdivisión geográfica | México |
| 9 (RLIN) | 6918 |
| 650 14 - PUNTO DE ACCESO ADICIONAL DE MATERIA--TÉRMINO DE MATERIA | |
| Término de materia o nombre geográfico como elemento de entrada | Biblioteca |
| Subdivisión general | Incunables |
| Subdivisión geográfica | México |
| 9 (RLIN) | 6919 |
| 700 1# - PUNTO DE ACCESO ADICIONAL--NOMBRE DE PERSONA | |
| Nombre de persona | Carreño Velázquez, Elvia |
| 9 (RLIN) | 6920 |
| 942 ## - ELEMENTOS DE PUNTO DE ACCESO ADICIONAL (KOHA) | |
| Fuente del sistema de clasificación o colocación | Library of Congress Classification |
| Tipo de ítem Koha | Libros |
| Estado de retiro | Estado de pérdida | Estado dañado | No para préstamo | Localización permanente | Ubicación/localización actual | Fecha de adquisición | Total de préstamos | Signatura topográfica completa | Código de barras | Fecha visto por última vez | Precio válido a partir de | Tipo de ítem Koha |
|---|---|---|---|---|---|---|---|---|---|---|---|---|
| El ejemplar forma parte de la colección y puede ser consultado según las políticas vigentes. | Biblioteca del Museo Franz Mayer (Rogerio Casas-Alatriste) | Biblioteca del Museo Franz Mayer (Rogerio Casas-Alatriste) | 19/08/2008 | Z1029 .M466 2006 | 00562 | 22/03/2019 | 22/03/2019 | Libros |